000 00456nam a22001817a 4500
003 MPLRDC
005 20220104163322.0
008 210129b ||||| |||| 00| 0 eng d
082 _a859.6 ASI v.2
100 _aJ.B. ALTER
245 _aMOWGLI JOINS THE WOLF-PACK
_c
250 _a第一版
260 _a
_bTIMES EDUCATIONAL
_c1979
300 _b
490 _aASIAN STORY-TIME SERIES
650 _aCHILDREN LITERATURE
942 _cBK
_o859.6 ASI v.2
999 _c56400
_d56390